000 00774cam a22002293a 4500
001 22056
003 PGUSA
005 20140828083453.0
008 070712s2007||||xxu|||||s|||||000 | eng d
040 _aPGUSA
_beng
042 _adc
050 4 _aF850.5
100 1 _aWilliams, John H.
_q(John Harvey),
_d1864-
245 1 4 _aThe Mountain that was 'God' :
_bBeing a Little Book About the Great Peak Which the Indians Named 'Tacoma' but Which is Officially Called 'Rainier'
_h[electronic resource] /
_cJohn H. Williams
260 _bProject Gutenberg,
_c2007
506 _aPublic domain in the USA.
516 _aElectronic text
653 _aRainier, Mount (Wash.)
830 0 _aProject Gutenberg
_v22056
856 4 0 _uhttp://www.gutenberg.org/ebooks/22056
942 _cEB
999 _c251311
_d251311